000 00465nam a2200133Ia 4500
008 231129s2014||||xx |||||||||||||| ||spa||
020 _a978-958-99375-4-9
082 _a782.626 S161a [Escuela de múscia]
100 _aSalazar Hakim Genoveva.
245 0 _aAyudas para la formulación de programas de Formación en músicas populares tradicionales
260 _c2014
264 _aBogotá: Ministerio de Cultura
942 _2ddc
_cBKS
999 _c5983
_d5983